LEADER 00800nas a2200241 a 4500 001 991002546129707536 005 20240528134837.0 008 040503c19929999-uk r 000 |eng d 022 $a0963-9284 035 $ab12938932-39ule_inst 040 $aSet. Economia$bita 222 0$aAccounting education 245 00$aAccounting education 260 $aLondon :$bChapman & Hall,$c1992- 310 $aTrimestrale 500 $aL?editore varia: Abingdon : Routledge, Taylor & Francis 592 $aLE025 1996-1999;2002; 907 $a.b12938932$b31-03-09$c03-05-04 912 $a991002546129707536 945 $aLE025$g0$lle025$o-$pE0.00$q-$rn$so$t18$u0$v0$w0$x0$y.i13519220$z03-05-04 996 $aAccounting education$9282087 997 $aUNISALENTO 998 $ale025$b03-05-04$cs$da$e-$feng$guk$h0$i0